Technical mathematics / (Record no. 179839)

000 -LEADER
fixed length control field 01159 a2200217 4500
003 - CONTROL NUMBER IDENTIFIER
control field NUST
005 - DATE AND TIME OF LATEST TRANSACTION
control field 20221031134539.0
010 ## - LIBRARY OF CONGRESS CONTROL NUMBER
LC control number 75025011
020 ## - INTERNATIONAL STANDARD BOOK NUMBER
International Standard Book Number 0395240093
040 ## - CATALOGING SOURCE
Transcribing agency Nust
082 00 - DEWEY DECIMAL CLASSIFICATION NUMBER
Classification number 510,CHE
100 1# - MAIN ENTRY--PERSONAL NAME
Personal name Chew, Al H.
9 (RLIN) 102012
245 10 - TITLE STATEMENT
Title Technical mathematics /
Statement of responsibility, etc. Al H. Chew, Richard L. Little, and Sherry B. Little.
260 ## - PUBLICATION, DISTRIBUTION, ETC.
Place of publication, distribution, etc. Boston :
Name of publisher, distributor, etc. Houghton Mifflin,
Date of publication, distribution, etc. c1976.
300 ## - PHYSICAL DESCRIPTION
Extent xii, 397 p. :
Other physical details ill. ;
Dimensions 25 cm.
505 ## - FORMATTED CONTENTS NOTE
Formatted contents note Tools of the Trade: Whole Numbers (Page-2), Computations with Fractions (Page-29), Ratio Proportion and Equations (Page-5), Decimal Numbers and Special Notation (Page-64), Directed Numbers Special Coefficients (Page-82), Equations and formulas (Page-104), Exponents and Logarithms (Page-135), Coordinate System and Graphs (Page-161), Special Graphs in the Plane (Page-190), Basic Geometry and Linear Measurement (Page-220), Measurement of Plane and Solid Fiqures (Page-253), Numerical Trigonometry (Page-314), Trigonometry of Oblique Triangles (Page-335).
650 #0 - SUBJECT ADDED ENTRY--TOPICAL TERM
Topical term or geographic name entry element Mathematics.
700 1# - ADDED ENTRY--PERSONAL NAME
Personal name Little, Richard L.,
9 (RLIN) 44979
700 1# - ADDED ENTRY--PERSONAL NAME
Personal name Little, Sherry B.,
9 (RLIN) 102013
942 ## - ADDED ENTRY ELEMENTS (KOHA)
Source of classification or shelving scheme
Koha item type Book
Call number prefix 510,CHE
Holdings
Withdrawn status Lost status Source of classification or shelving scheme Damaged status Not for loan Permanent Location Current Location Shelving location Date acquired Full call number Barcode Date last seen Price effective from Koha item type Public note
          Military College of Signals (MCS) Military College of Signals (MCS) General Stacks 12/12/2016 510,CHE MCS7636 12/08/2016 12/12/2016 Book Bank Almirah No. A/135, Shelf No.4
© 2023 Central Library, National University of Sciences and Technology. All Rights Reserved.